World Cup Finals Hat-tricks 1930 - 2018 - Statistics

General Stats
  • This quiz has been taken 35 times
    13 since last reset
  • The average score is 17 of 52
Answer Stats
Tournament Nation Player % Correct
2018 Portugal Cristiano Ronaldo
100%
England Harry Kane
100%
2002 Germany Miroslav Klose
100%
Brazil Pele
92%
Switzerland Xherdan Shaqiri
92%
1970 West Germany Gerd Muller
83%
West Germany Gerd Muller
83%
2014 Germany Thomas Muller
83%
2010 Argentina Gonzalo Higuain
75%
1958 France Just Fontaine
75%
France Just Fontaine
75%
1994 Argentina Gabriel Batistuta
67%
1998 Argentina Gabriel Batistuta
67%
England Gary Lineker
67%
Italy Paolo Rossi
67%
England Geoff Hurst
58%
1966 Portugal Eusebio
50%
Spain Emilio Butragueno
42%
Russia Oleg Salenko
42%
Portugal Pauleta
42%
1954 Hungary Sandor Kocsis
25%
Hungary Sandor Kocsis
25%
Poland Zbigniew Boniek
25%
West Germany Karl-Heinz Rummenigge
17%
Brazil Ademir
8%
Poland Andrzej Szarmach
8%
1938 Poland Ernest Wilimowski
8%
1962 Hungary Florian Albert
8%
Argentina Guillermo Stabile
8%
1982 Hungary Laszlo Kiss
8%
Brazil Leonidas
8%
West Germany Max Morlock
8%
Czechoslovakia Oldrich Nejedly
8%
1950 Uruguay Oscar Miguez
8%
Uruguay Perdo Cea
8%
Peru Teofilo Cubillas
8%
1934 Italy Angelo Schiavio
0%
1930 USA Bert Patenaude
0%
Turkey Burhan Sargun
0%
Uruguay Carlos Borges
0%
1974 Yugoslavia Dusan Bajevich
0%
Germany Edmund Conen
0%
Austria Erich Probst
0%
Sweden Gustav Wetterstrom
0%
Sweden Harry Andersson
0%
USSR Igor Belanov
0%
Switzerland Josef Hugi
0%
1990 Spain Michel
0%
1986 Denmark Preben Elkjaer Larsen
0%
1978 Netherlands Rob Rensenbrink
0%
Austria Theodor Wagner
0%
Czechoslovakia Tomas Skuhravy
0%
No matching quizzes found
Score Distribution
Percent of People with Each Score
Percentile by Number Answered
Your Score History
You have not taken this quiz since the last reset